000 00459nam a2200193Ia 4500
003 OSt
005 20230607152852.0
008 210423s1974 xx 000 0 und d
040 _cAL
041 _aeng
082 _a362.1
_223
_b HETH
100 _aHETKE (E A),Ed.
_9121747
245 _aHerald of health.
260 _aPoona
_bOriental Watchman Publishers
_c1974
300 _a26
_bPB
365 _cINR
906 _ahealth. ; Herald
942 _2ddc
_cBK
999 _c175093
_d175093